Piłka nożna - powiązania - kółko i krzyżyk - Statystyki

Ogólne statystyki
  • Ten quiz został rozwiązany 2 118 razy
  • Średni wynik to 6 z 10
Statystyki odpowiedzi
Hint Odpowiedź % Poprawnych
Polska Smolarek | Błaszczykowski | Lewandowski | Piszczek | Szczęsny | Fabiański | Kiwior | Bielik
100%
Borussia Smolarek | Błaszczykowski | Lewandowski | Piszczek
98%
Arsenal Szczęsny | Fabiański | Kiwior | Bielik
95%
Napoli Zieliński | Milik | Bereszyński | Łasicki
94%
Francja Vieira | Henry | Koscielny | Sagna
64%
Niemcy Bartra | Alcacer | Morey | Merino
45%
Borussia/Francja Zagadou | Dembele | Warmuz | Modeste
44%
Hiszpania Fabregas | Monreal | Bellerin | Almunia
39%
Napoli/Hiszpania Callejon | Albiol | Reina | Ruiz
38%
Napoli/Francja Boghossian | Malcuit | Bakayoko | Ndombele
11%
Nie znaleziono quizów pasujących do podanych kryteriów
Rozkład punktacji
Procent ludzi z każdym wynikiem
Percentyl według liczby udzielonych odpowiedzi
Twoja historia wyników
Nie rozwiązałeś tego quizu